Lego Marvel Superheroes - Playable Characters (Main Story) - Statistics

General Stats
  • This quiz has been taken 57 times
  • The average score is 58 of 64
Answer Stats
Answer % Correct
Captain America
100%
Captain America
100%
Captain America
100%
Captain America
100%
Captain America
100%
Captain America
100%
Captain America
100%
Hulk
100%
Hulk
100%
Hulk
100%
Iron Man
100%
Iron Man
100%
Iron Man
100%
Iron Man
100%
Iron Man
100%
Iron Man
100%
Spider-Man
100%
Spider-Man
100%
Spider-Man
100%
Spider-Man
100%
Spider-Man
100%
Spider-Man
100%
Spider-Man
100%
Thor
98%
Thor
98%
Thor
98%
Black Widow
96%
Black Widow
96%
Wolverine
96%
Wolverine
96%
Wolverine
96%
Mister Fantastic
93%
Mister Fantastic
93%
Mister Fantastic
93%
Mister Fantastic
93%
Human Torch
91%
Human Torch
91%
Human Torch
91%
Human Torch
91%
Hawkeye
89%
Hawkeye
89%
Jean Grey
89%
Invisible Woman
87%
Thing
87%
Thing
87%
Thing
87%
Thing
87%
Cyclops
84%
Cyclops
84%
Iceman
82%
Storm
80%
Storm
80%
Storm
80%
Storm
80%
Venom
76%
Beast
73%
Doctor Doom
73%
Magneto
71%
Nick Fury
71%
Nick Fury
71%
Doctor Octopus
67%
Green Goblin
67%
Mystique
56%
Abomination
51%
No matching quizzes found
Score Distribution
Percent of People with Each Score
Percentile by Number Answered
Your Score History
You have not taken this quiz